| 000 | 01600cab a2200229 4500 | ||
|---|---|---|---|
| 001 | ABS44143 | ||
| 008 | 090401t1991 xxu||||| |||| 00| 0 eng d | ||
| 035 | _a(Sirsi) u45525 | ||
| 041 | _aeng | ||
| 245 | _aCamden LBC v ADC Estates Ltd | ||
| 260 | _c1991 | ||
| 350 | _a0 | ||
| 490 |
_aProperty and Compensation Reports _v(1991) 61 PCR 48-56(5) |
||
| 520 | _aCA 15 June 1990. The respondent A applied to the council for planning permission to construct six flats in the roof space of a block of flats they already owned which was refused. The application was posted on 22 January 1985 and received on 25 January. An appeal to SoS against the refusal was dismissed. A claimed entitlement to compensation under Town and Country Planning Act 1971 s169 . The council disputed this. The matter was referred to LT and later to CA. CA was concerned with the date the application was made. New statutory provisions restricting the type of property for which compensation could be paid only affected planning applications made after 23 January 1985. If effective the new provisions would cover the type of building in question and there would be no entitlement to compensation. The council claimed that the application was made on the date it was posted. CA held that the date on which an application is made is the earliest moment when the application is received b | ||
| 650 | _aAPPLICATION DATE | ||
| 650 | _aCASE LAW | ||
| 650 | _aPOSTING DATE | ||
| 650 | _aTOWN AND COUNTRY PLANNING COMPENSATION ACT 1985 | ||
| 690 | _aPLANNING LAW AND PRACTICE-CASE LAW | ||
| 942 | _n0 | ||
| 948 | _c04/03/1997 | ||
| 999 |
_c28857 _d28857 |
||